OPAC Home

Problems of Population (Record no. 96149)

MARC details
000 -LEADER
fixed length control field 00424nam a2200169Ia 4500
003 - CONTROL NUMBER IDENTIFIER
control field LK-CoDNM
005 - DATE AND TIME OF LATEST TRANSACTION
control field 20240725102943.0
008 - FIXED-LENGTH DATA ELEMENTS--GENERAL INFORMATION
fixed length control field 010623t1932 xxu||||| |||| 00| 1 eng d
040 ## - CATALOGING SOURCE
Original cataloging agency LK-CoDNM
Modifying agency LK-CoDNM
Description conventions LK-CoDNM
041 ## - LANGUAGE CODE
Language code of text/sound track or separate title English
080 ## - UNIVERSAL DECIMAL CLASSIFICATION NUMBER
Universal Decimal Classification number 8
Item number GG8
942 ## - ADDED ENTRY ELEMENTS (KOHA)
Koha item type Books
100 ## - MAIN ENTRY--PERSONAL NAME
Personal name Pitt,Rivers.G.H.L.F.
245 ## - TITLE STATEMENT
Title Problems of Population
260 ## - PUBLICATION, DISTRIBUTION, ETC. (IMPRINT)
Name of publisher, distributor, etc. George Allen and Unwin
Place of publication, distribution, etc. London
Date of publication, distribution, etc. 1932
300 ## - PHYSICAL DESCRIPTION
Other physical details 378p. ; 23 cm
Holdings
Withdrawn status Lost status Damaged status Not for loan Collection code Permanent Location Current Location Shelving location Date acquired Full call number Barcode Koha item type
    Damaged   Ola Leaf Collection Library National Museum Colombo - Sri Lanka Library National Museum Colombo - Sri Lanka Reference 2024-07-25 8 GG8 OB2957 Books
Copyright © 2023 Department of National Museum, Colombo 07, Sri Lanka Funded by UNESCO IFAP UNESCO